000 00946nam a2200301Ia 4500
001 Para_6893
003 CHAP
008 220125s1982 xx 000 0 und d
010 _a205209
040 _cCHAP
090 _aPA FOLLETO 809
245 _aA survey of the nutritional status of west Virginia apple orchards /
_c by S. Singha [et. al.]
260 _aMorgantown, W. Va :
_b West Virginia University. Agricultura and Forestry experiment station
300 _a22 p.
440 _aBulletin; 682
_9171197
650 _aManzana
_x anĂ¡lisis
_9171198
650 _aManzana
_x elementos minerales
_970761
650 _aManzana
_x valor nutritivo
_9171199
650 _aManzana
_x West Virginia
_9171200
700 _aSingha, S.
_9170204
901 _aPA FOLLETO 809
902 _aA
905 _a0000001982 0000000000 00
910 _a1982
942 _cPARA
942 _cPARA
_d1
999 _c205209
_d205209